000 00812cab a2200229 4500
001 WB3318-19
008 090401t1997 xxu||||| |||| 00| 0 eng d
035 _a(Sirsi) u78231
041 _aeng
245 _aSuccessor to the unit trust starts
260 _c1997
350 _a0
490 _aFinancial Times
_v8 May 1997, 7(1)
520 _aA new type of investment fund which is set to take over from unit trusts, the open-ended investment company, has finally got off the starting block with the launch of one by fund manager Global Asset Management.
650 _aGLOBAL ASSET MANAGEMENT
650 _aOPEN-ENDED INVESTMENT COMPANIES
650 _aPROPERTY INVESTMENT VEHICLES
650 _aUNIT TRUSTS
690 _aPROPERTY-PROPERTY FINANCE AND INVESTMENT
942 _n0
948 _c08/05/1997
999 _c49233
_d49233